Central Library OPAC University of Rajshahi

Moore and Ryle: (Record no. 28711)

MARC details
000 -LEADER
fixed length control field 00991nam a22003132a 4500
001 - CONTROL NUMBER
control field 28711
003 - CONTROL NUMBER IDENTIFIER
rucl marc code BD-RjUL
005 - DATE AND TIME OF LATEST TRANSACTION
control field 20211209051323.0
008 - FIXED-LENGTH DATA ELEMENTS--GENERAL INFORMATION
fixed length control field 500101s1965 uk 000 0 eng d
035 ## - SYSTEM CONTROL NUMBER
System control number (BD-RjUL)28793
040 ## - CATALOGING SOURCE
Original cataloging agency MRC
Transcribing agency MRC
Modifying agency OCL
-- BD-RjUL
Language of cataloging eng
041 ## - LANGUAGE CODE
Language code of text/sound track or separate title eng
082 ## - DEWEY DECIMAL CLASSIFICATION NUMBER
Classification number 111
Author mark and year ADM 1965
090 ## - LOCALLY ASSIGNED LC-TYPE CALL NUMBER (OCLC); LOCAL CALL NUMBER (OCLC)
Classification number (OCLC) (R) ; Classification number, CALL (RLIN) (NR) B1649.R964
Local cutter number (OCLC) ; Book number/undivided call number, CALL (RLIN) A3
100 1# - MAIN ENTRY--PERSONAL NAME
Personal name Addis, Laird.
9 (RLIN) 87858
245 00 - TITLE STATEMENT
Title Moore and Ryle:
Remainder of title two ontologists /
Statement of responsibility, etc. Laird Addis [and] Douglas Lewis
260 ## - PUBLICATION, DISTRIBUTION, ETC. (IMPRINT)
Place of publication, distribution, etc. Iowa City :
Name of publisher, distributor, etc. University of Iowa,
Date of publication, distribution, etc. 1965
300 ## - PHYSICAL DESCRIPTION
Pagination 184 p
490 ## - SERIES STATEMENT
Series statement IOWA PUBLICATIONS IN PHILOSOPHY
Volume/sequential designation VOLUME 2.
504 ## - BIBLIOGRAPHY, ETC. NOTE
Bibliography, etc Includes bibliographies
600 10 - SUBJECT ADDED ENTRY--PERSONAL NAME
Personal name Ryle, Gilbert,
Dates associated with a name 1900-1976
Personal name Ryle, Gilbert,
Dates associated with a name 1900-1976.
Personal name Moore, G. E.
Fuller form of name (George Edward),
Dates associated with a name 1873-1958.
650 #0 - SUBJECT ADDED ENTRY--TOPICAL TERM
Topical term or geographic name as entry element Ontology
9 (RLIN) 87859
700 1# - ADDED ENTRY--PERSONAL NAME
Personal name Lewis, Douglas.
830 #0 - SERIES ADDED ENTRY--UNIFORM TITLE
Volume number/sequential designation v. 2
830 #0 - SERIES ADDED ENTRY--UNIFORM TITLE
Uniform title Iowa publications in philosophy ;
942 ## - ADDED ENTRY ELEMENTS (KOHA)
Source of classification or shelving scheme Dewey Decimal Classification
Koha item type Books
Holdings
Lost status Source of classification or shelving scheme Damaged status Not for loan Collection code Permanent Location Current Location Shelving location Date acquired Source of acquisition Cost, normal purchase price Total Checkouts Full call number Date last seen Copy number Koha item type
  Dewey Decimal Classification     Non-fiction Central Library, University of Rajshahi Central Library, University of Rajshahi   27/11/1967 SWEET & ZEETTINGER 38.00   111 ADM 1965 31/03/2014 C-2 Books
  Dewey Decimal Classification   Added to bundle Non-fiction Central Library, University of Rajshahi Central Library, University of Rajshahi Reading Room 11/02/1967 SWEET & ZEETTINGER 38.00   111 ADM 1965 31/03/2014 C-1 Books